00721nas a2200229Ia 4500001002800000003001000028008004100038040002500079041001300104100002000117210002600137222002600163245003400189250001100223260000900234501012300243300001600366362002400382500005300406650002100459700001100480A50/R092-11100 [r000008379]IT-MiCISF161014c99999999xx |||||||||||| ||und|| aIT-MiCISFcIT-MiCISF aITALIANO aGuerello Franco aAggiornamenti sociali aAggiornamenti sociali 0aLa scuola cattolica in Italia a1a ed. c1992 bCISF - Centro Internazionale Studi Famiglia - Via Giotto, 36 20145 MILANO (non commercial uses only)cCopyright 2016 app. 363-374 an. 5, maggio [1992] a Tema: scuola, famiglia, cambiamento, educazione aSCUOLAvarticolo aAA.VV.